Machine Drawing / (Record no. 5609)
[ view plain ]
| 000 -LEADER | |
|---|---|
| fixed length control field | 00344cam a2200145ua 4500 |
| 082 ## - DEWEY DECIMAL CLASSIFICATION NUMBER | |
| Classification number | 621.8152 |
| Item number | JOH/MA |
| 100 ## - MAIN ENTRY--AUTHOR NAME | |
| Personal name | John, K C |
| 100 ## - MAIN ENTRY--AUTHOR NAME | |
| Personal name | Varghese , P I . |
| 245 ## - TITLE STATEMENT | |
| Title | Machine Drawing / |
| 250 ## - EDITION STATEMENT | |
| Edition statement | 1 / |
| 260 ## - PUBLICATION, DISTRIBUTION, ETC. (IMPRINT) | |
| Place of publication | Thrissur : |
| Name of publisher | VIP Publishers , |
| Year of publication | 1993. |
| 300 ## - PHYSICAL DESCRIPTION | |
| Number of Pages | 200 ; . |
| 500 ## - GENERAL NOTE | |
| General note | 18253-55 Scheme |
| 942 ## - ADDED ENTRY ELEMENTS (KOHA) | |
| Koha item type | Books |
| Withdrawn status | Lost status | Damaged status | Home library | Current library | Date acquired | Full call number | Accession Number | Koha item type | Shelving location |
|---|---|---|---|---|---|---|---|---|---|
| KAUAET | KAUAET | 07/04/2012 | 621.8152 | 19247 | Books | ||||
| KAUAET | KAUAET | 07/04/2012 | 621.8152 | 19249 | Books | ||||
| KAUAET | KAUAET | 07/04/2012 | 621.8152 | 18254 | Book Bank scheme for SC students | Scheme | |||
| KAUAET | KAUAET | 07/04/2012 | 621.8152 | 18255 | Book Bank scheme for SC students | Scheme | |||
| Withdrawn | Damaged | KAUAET | KAUAET | 07/04/2012 | 621.8152 | 19493 | Book Bank scheme for SC students | Scheme | |
| KAUAET | KAUAET | 07/04/2012 | 621.8152 | 18253 | Book Bank scheme for SC students | Scheme | |||
| KAUAET | KAUAET | 07/04/2012 | 621.8152 | 19248 | Books | Binding Shelf | |||
| KAUAET | KAUAET | 18/02/2013 | 621.8152 JOH/MA | BB 45 | Book Bank scheme for SC students | Scheme | |||
| KAUAET | KAUAET | 18/02/2013 | 621.8152 JOH/MA | BB 46 | Book Bank scheme for SC students | Scheme |
